Statistics for MLB Teams With Zero Championships

Click here to take the quiz!

General Stats

  • This quiz has been taken 516 times
    (398 since last reset)
  • The average score is 6 of 7

Answer Stats

HintAnswer% Correct
AL WestMariners
89%
NL WestPadres
89%
AL EastRays
89%
NL CentralBrewers
88%
NL WestRockies
88%
AL WestRangers
81%
NL EastNationals
80%

Score Distribution

Percentile by Number Answered

Percent of People with Each Score

Your Score History

You have not taken this quiz since the last reset